Catálogo

Elementos de meteorología y climatología / (Registro nro. 60438)

Detalles MARC
000 -LEADER
fixed length control field 00805nam a2200253 i 4500
001 - CONTROL NUMBER
control field 60438
005 - DATE AND TIME OF LATEST TRANSACTION
control field 20180714061710.0
008 - FIXED-LENGTH DATA ELEMENTS--GENERAL INFORMATION
fixed length control field 140415s2003 sp b r 000 0 spa d
020 ## - INTERNATIONAL STANDARD BOOK NUMBER
International Standard Book Number 968246725X
040 ## - CATALOGING SOURCE
Original cataloging agency MX-PuUPA
Language of cataloging spa
Description conventions rda
Transcribing agency Mx-PuUPA
Modifying agency Mx-PuUPA
041 0# - LANGUAGE CODE
Language code of text/sound track or separate title spa
082 0# - DEWEY DECIMAL CLASSIFICATION NUMBER
Classification number 551.5
Item number AYL
100 1# - MAIN ENTRY--PERSONAL NAME
Personal name Ayllón, Teresa,
Relator term autor
245 10 - TITLE STATEMENT
Title Elementos de meteorología y climatología /
Statement of responsibility, etc. Teresa Ayllón.
250 ## - EDITION STATEMENT
Edition statement Segunda edición /
Remainder of edition statement enero
264 #1 - PRODUCTION, PUBLICATION, DISTRIBUTION, MANUFACTURE, AND COPYRIGHT NOTICE
Place of production, publication, distribution, manufacture México, D.F. :
Name of producer, publisher, distributor, manufacturer Editorial Trillas,
Date of production, publication, distribution, manufacture, or copyright notice 2003
300 ## - PHYSICAL DESCRIPTION
Extent 211 páginas :
Other physical details mapas, diagramas ;
Dimensions 24 cm.
336 ## - CONTENT TYPE
Content type term texto
Source rdacontent
337 ## - MEDIA TYPE
Media type term sin mediación
Source rdamedia
338 ## - CARRIER TYPE
Carrier type term volumen
Source rdacarrier
650 #4 - SUBJECT ADDED ENTRY--TOPICAL TERM
Topical term or geographic name entry element Meteorología
650 #4 - SUBJECT ADDED ENTRY--TOPICAL TERM
Topical term or geographic name entry element Climatología
Existencias
Withdrawn status Lost status Source of classification or shelving scheme Damaged status Not for loan Collection code Home library Current library Shelving location Date acquired Source of acquisition Inventory number Total Checkouts Full call number Barcode Date last seen Date last checked out Price effective from Koha item type
    Dewey Decimal Classification     General Biblioteca Karol Wojtyla Biblioteca Karol Wojtyla Sala general 10/04/2018 Compra 151000000000000000000001 1 551.5 AYL 2003 47566 06/01/2026 22/01/2020 13/04/2018 Libro